000 00804 a2200241 4500
010 _aENG-89030
020 _c300.00
_a8124603839
035 _aEN-72563
037 _bDBAD / PUB
082 1 4 _a230
090 _c9915
_d9915
100 _aSatchidananda Murty, K.
245 1 _aHinduism and its development /
_cby K. Satchidananda Murty
250 _a2nd rev. ed.
260 _aNew Delhi
_bD.K. Printworld
_c2007
270 _aRegd. Office: `Sri Kunj', F-52, Bali Nagar,
_bNew Delhi
_e110 015
300 _c23 cm. (Hb.)
_bxiii, 154p.
490 _aAndhra University philosophical studies ; no. 7
500 _aIncludes index
650 _aHinduism
_xHistory
942 _cEN
_adpl
_k230 / SAT
999 _c9728
_d9728